Geography Quiz

Random Geography or World Quiz

Countries Ending in Vowels (A-Z) Quiz Stats

 Plays Quiz Updated Jul 2, 2018

Challenge
Share
Tweet
Embed
Score 0/57 Timer 07:00
1 Play Today
Hint Answer % Correct
Ending in AAustralia...
97.9%
Ending in ACanada...
97%
Ending in AGeorgia...
93.5%
Ending in ARussia...
92.5%
Ending in ASyria...
92.2%
Ending in AMalaysia...
89.5%
Ending in ABulgaria...
89.4%
Ending in AEstonia...
89.1%
Ending in AIndia...
89%
Ending in ALatvia...
88.7%
Ending in ANigeria...
88%
Ending in AUganda...
86.5%
Ending in AZambia
85.9%
Ending in UPeru...
85.1%
Ending in ATanzania...
82.5%
Ending in AVenezuela
81.1%
Ending in OMexico...
80%
Ending in EFrance
79.6%
Ending in IMali...
78.9%
Ending in YUruguay
78.4%
Ending in EZimbabwe
77.7%
Ending in YGermany
76.7%
Ending in YParaguay
76.6%
Ending in IFiji
75.8%
Ending in IHaiti
75.7%
Ending in AJamaica
75.4%
Ending in YHungary
74.9%
Ending in EChile...
73.8%
Ending in APanama...
73.4%
Hint Answer % Correct
Ending in YItaly
72.1%
Ending in OTogo...
71.8%
Ending in AKenya
69.8%
Ending in IBurundi...
69%
Ending in UVanuatu
68.7%
Ending in IDjibouti
68.6%
Ending in EBelize
66.8%
Ending in UTuvalu
65.5%
Ending in ESuriname...
65.4%
Ending in YTurkey
64.6%
Ending in UNauru
63.5%
Ending in IKiribati
62.1%
Ending in OLesotho
61.5%
Ending in OKosovo
60.9%
Ending in ADominica
58.8%
Ending in YNorway
58.4%
Ending in EGreece
57.8%
Ending in YVatican City
57.2%
Ending in EUkraine
49.2%
Ending in ODR Congo
47.1%
Ending in UGuinea-Bissau
41.9%
Ending in ORep. of Congo
38.6%
Ending in OBurkina Faso
34.9%
Ending in EMozambique
32.3%
Ending in EPalestine
29.7%
Ending in OSan Marino
28.5%
Ending in ETimor Leste
27.9%
Ending in IeSwatini
21.9%

You're not logged in!

Compare scores with friends on all Sporcle quizzes.
OR
Log In

You Might Also Like...

Show Comments

Extras

Top Quizzes Today


Score Distribution

Your Account Isn't Verified!

In order to create a playlist on Sporcle, you need to verify the email address you used during registration. Go to your Sporcle Settings to finish the process.

Report this User

Report this user for behavior that violates our Community Guidelines.

Details: